Statistics for Who's the Singer

Click here to take the quiz!

General Stats

  • This quiz has been taken 62 times
  • The average score is 11 of 23

Answer Stats

HintAnswer% Correct
ThrillerMichael Jackson
94%
Just DanceLady Gaga
91%
Bad RomanceLady Gaga
91%
California GurlsKaty Perry
83%
Gangnam StylePsy
83%
Tick TockKesha
77%
Locked Out of HeavenBruno Mars
74%
Thinking Out LoudEd Sheeran
62%
SugarMaroon 5
57%
22Taylor Swift
51%
Love Me Like You DoEllie Goulding
49%
See You AgainWiz Khalifa
43%
All About That BassMeghan Trainer
42%
BudapestGeorge Ezra
40%
Call Me MaybeCarly Rae Jepson
36%
Trap QueenFetty Wap
28%
GDFRFlo Rida
26%
ChainsNick Jonas
25%
In My HeadJason Derulo
23%
Talking BodyTove Lo
15%
SomebodyNatalie La Rose
8%
GloryJohn Legend
6%
I'm BadLL Cool J
4%

Score Distribution

Percentile by Number Answered

Percent of People with Each Score

Your Score History

You have not taken this quiz